Statistics for The 11th and 12th Century

Click here to take the quiz!

General Stats

  • This quiz has been taken 25,586 times
    (7,610 since last reset)
  • The average score is 16 of 20

Answer Stats

YearDescriptionAnswer% Correct
1163Construction begins on this famous Paris cathedralNotre Dame
96%
1156The Kremlin is constructed in this city. At first, it is merely a wooden wall.Moscow
96%
1192Shoguns replace emperors as the de-facto leaders of this countryJapan
95%
1096First evidence of teaching at this university, England's oldestOxford
95%
1189This "lionheart" king is crowned in EnglandRichard I
94%
1187This Chinese navigational device is first used in EuropeCompass
93%
1185This device for grinding grain is first used in EuropeWind{mill}
90%
1040This technology is invented in China, 400 years before GutenbergMovable type
87%
1099The First Crusade comes to an end with the capture of this cityJerusalem
86%
1016Cnut the Great, prince of this country, conquers EnglandDenmark
81%
1066This Norman ruler conquers EnglandWilliam the Conqueror
81%
1001Leif Ericson establishes settlements in this modern-day country,
which he called "Vinland"
Canada
79%
1170Thomas Becket, archbishop of this city, is murdered on orders from Henry IICanterbury
77%
Early 1100sThis famous temple complex is built in CambodiaAngkor Wat
70%
1054The church of Rome permanently separates from the church of this cityConstantinople
65%
1010This oldest surviving copy of this epic Old English poem is writtenBeowulf
63%
1189–1192This Muslim leader resists the Third Crusade, earning the crusaders' respectSaladin
54%
1054Astronomers in many parts of the world observe this type of astrological
occurence, whose remnants today form the Crab Nebula
Supernova
52%
1086This book lists all the taxable property in EnglandDomesday Book
50%
1104This European naval power starts using an assembly line process
to mass produce ships
Venice
48%

Score Distribution

Percentile by Number Answered

Percent of People with Each Score

Your Score History

You have not taken this quiz since the last reset